Movies Quiz

Random Movies or Oscar Quiz

Oscar Nominations for Randy Newman Quiz Stats

 Plays Quiz not verified by Sporcle

Score 0/20 Timer 05:00
0 Plays Today
Year/Category Film % Correct
1995: Music (Original Musical or Comedy Score)Toy Story
95.2%
1995: Music (Original Song)Toy Story
95.2%
2010: Music (Original Song)*Toy Story 3
91.6%
1999: Music (Original Song)Toy Story 2
90.4%
2001: Music (Original Score)Monsters, Inc.
84.3%
2001: Music (Original Song)*Monsters, Inc.
84.3%
2006: Music (Original Song)Cars
66.3%
1998: Music (Original Musical or Comedy Score)A Bug's Life
59%
1981: Music (Original Score)Ragtime
42.2%
1981: Music (Original Song)Ragtime
42.2%
Year/Category Film % Correct
1984: Music (Original Score)The Natural
37.3%
2009: Music (Original Song)The Princess and the Frog
36.1%
2009: Music (Original Song)The Princess and the Frog
36.1%
1989: Music (Original Song)Parenthood
28.9%
1990: Music (Original Score)Avalon
22.9%
1996: Music (Original Musical or Comedy Score)James and the Giant Peach
22.9%
1998: Music (Original Dramatic Score)Pleasantville
22.9%
1998: Music (Original Song)Babe: Pig in the City
20.5%
2000: Music (Original Song)Meet the Parents
20.5%
1994: Music (Original Song)The Paper
18.1%

You're not logged in!

Compare scores with friends on all Sporcle quizzes.
OR
Log In

Show Comments

Extras

Top Quizzes Today


Score Distribution

Your Account Isn't Verified!

In order to create a playlist on Sporcle, you need to verify the email address you used during registration. Go to your Sporcle Settings to finish the process.

Report this User

Report this user for behavior that violates our Community Guidelines.

Details: